000 00752nam a2200217 i 4500
001 106063
003 ES-MaACL
007 t|
008 060925s1976 fr ||||1| fre d
080 _a347.97/.99(44)
080 _a342.722.1(44)
100 1 _aCharvin, Robert.
_938144
245 1 3 _aLa justice en France
_b: mutations de l'appareil judiciaire et lutte de classes /
_cRobert Charvin ; avec la collaboration de Gérard Quiot.
260 _aParis :
_bEditions Sociales,
_c[1976]
300 _a142 p. ;
_c19 cm.
500 _aBiblioteca Juan Andrade.
650 1 4 _aAdministración de justicia-
_zFrancia.
_99627
650 1 4 _aIgualdad ante la ley-
_zFrancia.
_913580
700 1 _aQuiot, Gérard.
_994756
852 _aES-MaACL
_jAND-721
_bR.110017
999 _c106063
_d106063